| 000 | 00540nam a2200181 i 4500 | ||
|---|---|---|---|
| 001 | 90435 | ||
| 003 | ES-MaACL | ||
| 005 | 20230906180436.0 | ||
| 007 | t| | ||
| 008 | 050120s1946 sp ||||1| spa d | ||
| 110 | 0 | 0 |
_aEspaña. _tLeyes, etc. _9184149 |
| 245 | 1 | 0 |
_aLegislación y prácticas de contribución industrial / _cpor Emilio Drake Redondo. |
| 260 |
_a[Madrid : _bNuevas Gráficas, _c1946] |
||
| 300 |
_a193 p. ; _c18 cm. |
||
| 700 | 1 |
_aDrake Redondo, Emilio. _945581 |
|
| 852 |
_aES-MaACL _jF-593 _bR.23070 |
||
| 999 |
_c90435 _d90435 |
||